Qui a chanté cette chanson ? #9 - Statistiques

Statistiques générales
  • Ce quiz a été pris 145 fois
  • Le résultat moyen est 6 sur 15
Statistiques - réponses
Chansons Chanteurs % Correct
Beau-Papa Vianney
98%
Tahiti Keen'V
72%
Ca Ira Vitaa/Slimane
51%
A nos héros du quotidien Soprano
48%
Mais je t'aime Grand Corps Malade / Camille Lellouche
47%
Nos célébrations Indochine
44%
Tombé Matt Pokora
44%
Ma Vie Dadju
34%
Donne moi ton coeur Louane
33%
La Fête Amir
29%
Facile Camelia Jordana
29%
Ma soeur Clara Luciani
29%
Comment est ta peine ? Benjamin Biolay
23%
Ma Jolie Claudio Capéo
12%
Tout au bout du monde Tibz
10%
Aucun quiz correspondant
Distribution des résultats
% des personnes avec chaque résultat
Percentile par nombre de réponses
Votre historique - résultats
Vous n’avez pas pris ce quiz